| 000 | 00921nam a2200217 a 4500 | ||
|---|---|---|---|
| 001 | 50210 | ||
| 005 | 20180714035210.0 | ||
| 008 | 140415s1999 mx 000 0 spa d | ||
| 020 | _a9706512659 | ||
| 041 | _aspa | ||
| 082 |
_a808 _bIBS |
||
| 100 | 1 | _aIBSEN, HENRIK | |
| 245 | 1 | 0 | _aCASA DE MUÑECAS |
| 250 | _a1a ed. | ||
| 260 |
_aMEXICO : _bLOSADA, _c1999 |
||
| 300 |
_a149 _c11.4 x 0.7 x 17.6 |
||
| 520 | _aUNO DE LOS LIBROS QUE MAS CONTRIBUYERON A QUE HUBIERA CAMBIO EN EL MUNDO, ESTA OBRA, PUBLICADA Y REPRESENTADA EN 1871, EN SU TIEMPO CAUSO POLEMICAS ENCENDIDAS Y PUSO EN EVIDENCIA LA INJUSTICIA E INEQUIDAD DEL MUNDO FEMENINO; AUNQUE SE ESCRIBE EN UN MOMENTO EN QUE SE PELEA POR EL VOTO DE LAS MUJERES, Y CUANDO SE ABREN LAS OPORTUNIDADES LABORALES Y ESCOLARES. | ||
| 650 | 1 | 4 |
_aLITERATURA NORUEGA _xTEATRO NORUEGO _xSIGLO XIX |
| 700 | 1 |
_aKUPCHIK, CHRISTIAN _etr. |
|
| 740 | _aETT DUKKEHJEN | ||
| 999 |
_c50210 _d50210 |
||